[Event "EuTChw"]
[Site "Leon ESP"]
[Date "2001.11.13"]
[Round "7"]
[White "Botsari,A"]
[Black "Mamedjarova,Z"]
[Result "1/2-1/2"]
[WhiteElo "2315"]
[BlackElo "2231"]

1.d4 Nf6 2.c4 g6 3.Nc3 d5 4.cxd5 Nxd5 5.e4 Nxc3 6.bxc3 Bg7 7.Be3 c5 8.Qd2 Qa5
9.Nf3 O-O 10.Rb1 a6 11.Rc1 cxd4 12.cxd4 Qxd2+ 13.Kxd2 Nc6 14.d5 Rd8 15.Ke1 Nb4
16.Bb6 Nxa2 17.Rc2 Nb4 18.Rc4 Rd7 19.Ba5 Nxd5 20.exd5 Rxd5 21.Bb4 Bf5 22.Rc7 Rad8
23.Be2 R8d7 24.Rxd7 Rxd7 25.Kf1 Rc7 26.Ne1 Rc1 27.g4 Bd7 28.Kg2 e5 29.Nd3 Bc6+
30.f3 Rc2 31.Kf2 e4 32.fxe4 Bd4+ 33.Ke1 Bxe4 34.Rf1 Kg7 35.g5 Bf5 36.h4 b6
37.Kd1 Ra2 38.Rf4 Be3 39.Bc3+ Kf8 40.Rc4 Be6 41.Re4 Bg1 42.Nc1 Bf5 43.Bb4+ Bc5
44.Bxc5+ bxc5 45.Nxa2 Bxe4 46.Bxa6 Kg7 47.Kd2 f6 48.gxf6+ Kxf6 49.Ke3 Bc6
50.Bd3 g5 51.h5 Be8 52.Bxh7 Bxh5 53.Be4 Bg6 54.Bg2 Ke5 55.Nc3 Be8 56.Bb7 Bf7
57.Ba6 Bg6 58.Na4 Kd6 59.Bc4 Bc2 60.Nb2 Ke5 61.Bg8 Kf6 62.Kd2 Bf5 63.Na4 Be6  1/2-1/2

[Event "TCh-CZE 2001-2"]
[Site "CZE"]
[Date "2001.11.18"]
[Round "3"]
[White "Konopka,M"]
[Black "Navara,D"]
[Result "1/2-1/2"]
[WhiteElo "2476"]
[BlackElo "2531"]

1.d4 Nf6 2.c4 g6 3.Nc3 d5 4.cxd5 Nxd5 5.e4 Nxc3 6.bxc3 Bg7 7.Bc4 O-O 8.Ne2 b6
9.O-O Bb7 10.f3 Nc6 11.Be3 Na5 12.Bd3 c5 13.dxc5 Qc7 14.cxb6 axb6 15.Qc2 Ba6
16.Bxa6 Rxa6 17.Rfd1 Nc4 18.Bd4 e5 19.Bf2 Rfa8 20.Rd5 Bh6 21.h3 Ne3 22.Bxe3 Bxe3+
23.Kh2 Qc4 24.Qd3 Qxd3 25.Rxd3 Bh6 26.c4 Rxa2 27.Rd8+ Rxd8 28.Rxa2 Rc8 29.Ra4 Bd2
30.Kg3 Rc5 31.Ra8+ Kg7 32.Re8 Bb4 33.Kf2 Kf6 34.f4 exf4 35.Nxf4 Rxc4 36.Nd5+ Kg5
37.Kf3 Bc5 38.Rb8 h5 39.g3 Rc2 40.h4+ Kh6 41.e5 Rf2+ 42.Ke4 Re2+ 43.Kf4 Bd4
44.Rh8+ Kg7 45.Re8 Rf2+ 46.Ke4 Rd2 47.Nf6 Bxe5 48.Kxe5 Re2+ 49.Kd4 Rd2+ 50.Ke3 Rg2
51.Ne4 Rc2 52.Rb8 Rc6 53.Rb7 b5 54.Ng5 Rf6 55.Rxb5 Kg8 56.Rb8+ Kg7 57.Rb4 Rf5
58.Rb7 Kg8 59.Ke4 Kf8 60.Rc7 Kg8 61.Rd7 Kf8 62.Nf3 Kg7 63.Ne5 Rf1 64.Nf3 Ra1
65.Ng5 Rf1 66.Ke5 Kf8 67.Ke4 Kg8 68.Rd3 Re1+ 69.Kd5 Re7 70.Kd6 Ra7 71.Ne4 Ra6+
72.Kd7 Kf8 73.Rf3 Ra7+ 74.Kc6 Ra6+ 75.Kc7 Ra7+ 76.Kb6 Re7 77.Nc5 Kg7 78.Kc6 Kg8
79.Kd6 Re2 80.Nb7 Re6+ 81.Kd7 Re1 82.Nd6 Rd1 83.Kc6 Rc1+ 84.Kb6 Rb1+ 85.Kc6 Rc1+
86.Kd5 Rd1+ 87.Kc6 Rc1+ 88.Kd7 Rd1 89.Re3 Kf8 90.Re8+ Kg7 91.Re7 Kg8 92.Kc7 Rd2
93.Rd7 Rf2 94.Kd8 Kf8 95.Kc7  1/2-1/2

[Event "Bundesliga 2001-2"]
[Site "Hamburg GER"]
[Date "2001.11.24"]
[Round "3"]
[White "Schandorff,L"]
[Black "Ftacnik,L"]
[Result "1/2-1/2"]
[WhiteElo "2551"]
[BlackElo "2566"]

1.d4 Nf6 2.c4 g6 3.Nc3 d5 4.cxd5 Nxd5 5.e4 Nxc3 6.bxc3 Bg7 7.Nf3 c5 8.Be3 Qa5
9.Qd2 Nc6 10.Rc1 cxd4 11.cxd4 Qxd2+ 12.Kxd2 O-O 13.d5 Rd8 14.Ke1 Na5 15.Bg5 Bd7
16.Bd3 Rdc8 17.Ke2 e6 18.Be3 exd5 19.exd5 b5 20.Nd2 a6 21.Rhd1 Rxc1 22.Rxc1 Rc8
23.Rxc8+ Bxc8 24.Bb6 Nb7 25.Nb3 Kf8 26.Bc7 Ke7 27.Ke3 Bb2 28.g3 Bh3 29.Be4 f6
30.Bf3 Bf1 31.Na5 Nd6 32.Kd2 Ba3 33.Kc2 Bc5 34.Nc6+ Kd7 35.Ba5 Bxf2 36.Nb8+ Ke7
37.Nxa6 Bg1 38.h4 Bf2 39.g4 Bxh4 40.Bb4 Bg3 41.Nc5 Kf7 42.a4 bxa4 43.Nxa4 Nc4
44.Nc3 Ne5 45.Bd1 Nd3 46.Ba3 Nf2 47.Bf3 Bh3 48.d6 Bxg4 49.Bc6 Bf5+ 50.Kb3 Be6+
51.Kc2 f5 52.d7 Bh4 53.Nb5 Ne4 54.Bb4 Bd8 55.Bxe4 fxe4 56.Nd6+ Kf6 57.Nb7 Bxd7
58.Nxd8 Kf5 59.Kd2 Kf4 60.Bc5 h5 61.Ke2 Kg3 62.Nf7 Bf5 63.Bf2+ Kg4 64.Be3 Kg3
65.Bf2+ Kg4  1/2-1/2

[Event "9th YM"]
[Site "Loures POR"]
[Date "2001.12.01"]
[Round "5"]
[White "Nogueira,N"]
[Black "Ribeiro,L"]
[Result "1/2-1/2"]
[WhiteElo "2276"]
[BlackElo "2044"]

1.d4 Nf6 2.c4 g6 3.Nc3 d5 4.cxd5 Nxd5 5.e4 Nxc3 6.bxc3 Bg7 7.Be3 O-O 8.Qd2 c5
9.Bc4 Qa5 10.Ne2 Nc6 11.Rd1 Rd8 12.O-O b6 13.Qb2 cxd4 14.cxd4 Ba6 15.Qb3 Bxc4
16.Qxc4 Rac8 17.Rc1 Qb4 18.Qa6 Rc7 19.Rc2 Nb8 20.Qd3 Rdc8 21.Rxc7 Rxc7 22.Bf4 Rc8
23.h4 Qa4 24.Qb3 Qa6 25.Qb2 Nc6 26.Rc1 Na5 27.Rxc8+ Qxc8 28.f3 Qc4 29.Kf2 b5
30.Be3 Nc6 31.Qb3 Qxb3 32.axb3 Na5 33.Nc1 Nc6 34.e5 e6 35.Ke2 Bf8 36.Nd3 Be7
37.g3 Kf8 38.Kd2 Ke8 39.Kc3 a5 40.Bf2 Nb4 41.Nxb4 Bxb4+ 42.Kd3 Kd7  1/2-1/2

[Event "Friendship GM"]
[Site "Prerove CZE"]
[Date "2001.12.10"]
[Round "7"]
[White "Neverov,V"]
[Black "Kalod,R"]
[Result "1-0"]
[WhiteElo "2569"]
[BlackElo "2479"]

1.d4 Nf6 2.c4 g6 3.Nc3 d5 4.cxd5 Nxd5 5.e4 Nxc3 6.bxc3 Bg7 7.Bc4 c5 8.Ne2 Nc6
9.Be3 O-O 10.O-O Bg4 11.f3 Na5 12.Bxf7+ Rxf7 13.fxg4 Rxf1+ 14.Kxf1 cxd4 15.cxd4 e5
16.Kg1 exd4 17.Bxd4 Bxd4+ 18.Nxd4 Qg5 19.Nf3 Qe3+ 20.Kh1 Qxe4 21.Rc1 Rf8
22.Rc7 Qe6 23.Qd4 Rf6 24.Qd8+ Rf8 25.Qh4 h5 26.gxh5 Nc6 27.hxg6 Qxg6 28.Qc4+ Kh8
29.Qh4+ Kg8 30.Qc4+ Kh8 31.Rxb7 Qf6 32.Qe4 Qh6 33.Rc7 Rxf3 34.gxf3 Qc1+ 35.Kg2 Qd2+
36.Kh3 Qh6+ 37.Qh4 Qxh4+ 38.Kxh4  1-0

[Event "TCh-CZE 2001-2"]
[Site "CZE"]
[Date "2001.12.16"]
[Round "5"]
[White "Sobek,J"]
[Black "Kalod,R"]
[Result "1/2-1/2"]
[WhiteElo "2266"]
[BlackElo "2462"]

1.d4 Nf6 2.c4 g6 3.Nc3 d5 4.cxd5 Nxd5 5.e4 Nxc3 6.bxc3 Bg7 7.Bc4 O-O 8.Ne2 b6
9.h4 Nc6 10.h5 Na5 11.Bd3 c5 12.Be3 cxd4 13.cxd4 e5 14.hxg6 hxg6 15.d5 Bd7
16.Qd2 Re8 17.Rc1 Rc8 18.O-O Rxc1 19.Rxc1 Qb8 20.Nc3 Rc8 21.Ba6 Nb7 22.Nb5 Rxc1+
23.Qxc1 Nd6 24.Nxd6 Qxd6 25.Qc4 Bf8 26.a4 Qb4 27.Qxb4 Bxb4 28.Bb5 Bc8 29.f4 Bd6
30.g3 f5 31.exf5 exf4 32.Bxf4 Bxf4 33.gxf4 Bxf5 34.Kf2 Kf7 35.Ke3  1/2-1/2

[Event "Salona"]
[Site "Solin-Split CRO"]
[Date "2001.12.16"]
[Round "9"]
[White "Zaja,I"]
[Black "Ftacnik,L"]
[Result "0-1"]
[WhiteElo "2476"]
[BlackElo "2566"]

1.d4 Nf6 2.c4 g6 3.Nc3 d5 4.cxd5 Nxd5 5.e4 Nxc3 6.bxc3 Bg7 7.Nf3 c5 8.Rb1 O-O
9.Be2 Nc6 10.d5 Ne5 11.Nxe5 Bxe5 12.Qd2 b6 13.f4 Bg7 14.O-O e6 15.Bc4 Bb7
16.Ba3 exd5 17.Bxd5 Bxd5 18.exd5 Qf6 19.Rf3 Qf5 20.Rd1 Rad8 21.c4 Bd4+ 22.Kh1 Rfe8
23.Bb2 Re4 24.Bxd4 Rxd4 25.Qc1 Rxd1+ 26.Qxd1 b5 27.cxb5 Rxd5 28.Qe2 Qe4 29.Qf1 Qc2
30.Re3 c4 31.h3 c3 32.Re8+ Kg7 33.Qc4 Rd1+ 34.Kh2 Rd2 35.Qc6 Qb2 36.Rc8 Kh6
37.f5 c2 38.h4 Qe5+  0-1

[Event "TCh-BEL 2001-2"]
[Site "Belgium BEL"]
[Date "2001.12.23"]
[Round "5"]
[White "Denayer,E"]
[Black "Vandevoort,P"]
[Result "0-1"]
[WhiteElo "2201"]
[BlackElo "2340"]

1.d4 Nf6 2.c4 g6 3.Nc3 d5 4.cxd5 Nxd5 5.e4 Nxc3 6.bxc3 Bg7 7.Be3 c5 8.Qd2 O-O
9.Nf3 cxd4 10.cxd4 Nc6 11.Rd1 Bg4 12.Be2 Rc8 13.O-O Qa5 14.Qxa5 Nxa5 15.Rc1 Nc6
16.d5 Bxf3 17.Bxf3 Nd4 18.Bxd4 Bxd4 19.Bg4 Rxc1 20.Rxc1 f5 21.exf5 h5 22.Bf3 Rxf5
23.Rc4 Rf4 24.Rc7 Kf8 25.Rc8+ Kg7 26.Rc2 b5 27.Re2 Bc5 28.Re4 Rf6 29.Re2 a5
30.Kf1 b4 31.Be4 a4 32.Bc2 Ra6 33.Bd3 Ra5 34.Bc4 Bd6 35.h3 Ra8 36.Rc2 Rb8
37.Ke2 Be5 38.Kd3 b3 39.axb3 axb3 40.Rc1 b2 41.Rb1 Ra8 42.Ke4 Ra1 43.Bd3 Kf6
44.Ke3 g5 45.Ke2 h4 46.Be4 Ra2 47.Bc2 Ra5 48.Be4 Rb5 49.Rg1 Bf4 50.g3 hxg3
51.fxg3 Bc1 52.Rf1+ Kg7 53.Rd1 Kf6 54.Bb1 Ke5 55.Rf1 Ra5 56.Rf5+ Kd6 57.Kd1 Ra3
58.h4 g4 59.Rg5 Bxg5 60.hxg5 Rc3 61.g6 Rc1+  0-1

[Event "SO-ON"]
[Site "Groningen NED"]
[Date "2001.12.23"]
[Round "2"]
[White "Ernst,S"]
[Black "Koster,R"]
[Result "1/2-1/2"]
[WhiteElo "2459"]
[BlackElo "2285"]

1.d4 Nf6 2.c4 g6 3.Nc3 d5 4.cxd5 Nxd5 5.e4 Nxc3 6.bxc3 Bg7 7.Nf3 c5 8.Rb1 O-O
9.Be2 cxd4 10.cxd4 Qa5+ 11.Qd2 Nc6 12.Qxa5 Nxa5 13.Bd2 b6 14.O-O Bg4 15.d5 Rfc8
16.Rfc1 Rxc1+ 17.Rxc1 Rc8 18.Rxc8+ Bxc8 19.Bb4 e6 20.Nd2 exd5 21.exd5 Bf8
22.Bc3 Bg7 23.Bxa5 bxa5 24.Bb5 Kf8 25.Nc4 Ke7 26.Nxa5 Kd6 27.Bc4 Bc3 28.Nc6 a5
29.f3 Bd7 30.Nd8 Be8  1/2-1/2

[Event "10th Open"]
[Site "Aschach AUT"]
[Date "2001.12.27"]
[Round "2"]
[White "Kleiser,G"]
[Black "Konopka,M"]
[Result "1/2-1/2"]
[WhiteElo "2205"]
[BlackElo "2475"]

1.d4 Nf6 2.c4 g6 3.Nc3 d5 4.cxd5 Nxd5 5.e4 Nxc3 6.bxc3 Bg7 7.Nf3 O-O 8.Be2 b6
9.O-O Bb7 10.Qd3 c5 11.Be3 cxd4 12.cxd4 Nc6 13.Rfd1 e6 14.Rac1 Qd6 15.Qd2 Rfd8
16.Bb5 Rac8 17.Bg5 f6 18.Bf4 e5 19.dxe5 Qxd2 20.Bc4+ Kh8 21.Rxd2 Rxd2 22.exf6 Rdd8
23.fxg7+ Kxg7 24.Be6 Ra8 25.g4 Re8 26.Bd7 Rxe4 27.Bxc6 Bxc6 28.Be5+ Kg8 29.Rxc6 Rf8
30.Kg2 Rxf3 31.Kxf3 Rxe5 32.Rc8+ Kf7 33.Rc7+ Re7 34.Rc6 Re6 35.Rc7+ Re7 36.Rc6 Re6
37.Rc7+  1/2-1/2

[Event "5th New Year ELO"]
[Site "Lohmar GER"]
[Date "2001.12.28"]
[Round "2"]
[White "Claassen,J"]
[Black "Behl,T"]
[Result "1-0"]
[WhiteElo "2140"]
[BlackElo "2141"]

1.d4 Nf6 2.c4 g6 3.Nc3 d5 4.cxd5 Nxd5 5.e4 Nxc3 6.bxc3 Bg7 7.Nf3 O-O 8.Rb1 c5
9.Qd2 a6 10.Be2 Qa5 11.O-O Nc6 12.Qe3 b5 13.d5 Ne5 14.Nxe5 Bxe5 15.Qxc5 Bd7
16.Qxe7 Qc7 17.f4 Rfe8 18.Qh4 Bxc3 19.Bf3 Bd4+ 20.Kh1 Qc4 21.Bd2 Qxa2 22.Rbd1 Rac8
23.Bb4 Qc4 24.Be7 b4 25.e5 Ba4 26.Bf6 Bxd1 27.Rxd1 Bxe5 28.fxe5 Qxh4 29.Bxh4 Rxe5
30.d6 g5 31.Bg3 Rec5 32.d7 Rd8 33.Bd6 Rc2 34.Be7 Rxd7 35.Rxd7 b3 36.Bf6 Rc1+
37.Bd1 h5 38.h3 Kh7 39.Bb2 Rb1 40.Rd2  1-0

[Event "Rilton Cup"]
[Site "Stockholm SWE"]
[Date "2001.12.29"]
[Round "3"]
[White "Khenkin,I"]
[Black "Kolbus,D"]
[Result "1/2-1/2"]
[WhiteElo "2572"]
[BlackElo "2307"]

1.d4 Nf6 2.c4 g6 3.Nc3 d5 4.cxd5 Nxd5 5.e4 Nxc3 6.bxc3 Bg7 7.Nf3 c5 8.Be3 O-O
9.Rc1 Qa5 10.Qd2 cxd4 11.cxd4 Qxd2+ 12.Nxd2 e6 13.Nb3 b6 14.Bb5 Ba6 15.a4 Bxb5
16.axb5 Nd7 17.Ke2 Nf6 18.f3 Rfd8 19.Rc6 Ne8 20.Bg5 Rd7 21.Rhc1 f6 22.Bf4 Kf7
23.Ra1 e5 24.dxe5 fxe5 25.Be3 Rad8 26.Bg5 Bf6 27.Bxf6 Nxf6 28.Rc2 Ne8 29.Rd2 Rxd2+
30.Nxd2 Rd7 31.Nb1 Nd6 32.Nc3 Ke6 33.h4 h5 34.g4 Rc7 35.Kd3 Rc5 36.gxh5 gxh5
37.Ra2 Nxb5 38.Nxb5 Rxb5 39.Rxa7 Rb3+ 40.Kc4 Rxf3 41.Rb7 Rf4 42.Rxb6+ Kf7
43.Kd5 Rxh4 44.Kxe5 Rh1 45.Rf6+ Ke7 46.Rh6 Ra1 47.Rh7+ Ke8 48.Kf5 Ra5+ 49.e5 Ra6
50.Rxh5 Ke7 51.Rh7+ Ke8 52.Rg7 Rb6 53.Ra7 Rc6 54.Ra8+ Ke7 55.Ra7+ Ke8 56.Ke4 Rb6
57.Kd5 Rh6 58.Rc7 Rg6 59.Rh7 Ra6 60.Rc7 Rh6 61.Rc6 Rxc6 62.Kxc6 Ke7 63.Kd5 Kd7
64.e6+ Ke7 65.Ke5 Ke8 66.Kf5 Ke7 67.Ke5 Ke8 68.Kf6 Kf8 69.e7+ Ke8 70.Ke6  1/2-1/2

[Event "Christmas Open"]
[Site "Zurich SUI"]
[Date "2001.12.29"]
[Round "6"]
[White "Pinter,J"]
[Black "Moor,R"]
[Result "1-0"]
[WhiteElo "2532"]
[BlackElo "2385"]

1.d4 Nf6 2.c4 g6 3.Nc3 d5 4.cxd5 Nxd5 5.e4 Nxc3 6.bxc3 Bg7 7.Bc4 c5 8.Ne2 O-O
9.O-O Nc6 10.Be3 Qc7 11.Rc1 Rd8 12.Bf4 Qd7 13.d5 Na5 14.Bd3 e5 15.Be3 c4
16.Bc2 Qd6 17.Qd2 Bd7 18.f4 exf4 19.Bxf4 Be5 20.Bxe5 Qxe5 21.Nd4 f6 22.Rce1 Rf8
23.Nf3 Qe7 24.d6 Qe6 25.e5 Bc6 26.exf6 Qxf6 27.Ng5 Qg7 28.Rxf8+ Qxf8 29.Nxh7  1-0

[Event "SO-ON"]
[Site "Groningen NED"]
[Date "2001.12.30"]
[Round "8"]
[White "Koster,R"]
[Black "Baramidze,D"]
[Result "0-1"]
[WhiteElo "2285"]
[BlackElo "2335"]

1.d4 Nf6 2.c4 g6 3.Nc3 d5 4.cxd5 Nxd5 5.e4 Nxc3 6.bxc3 Bg7 7.Nf3 c5 8.Bb5+ Bd7
9.Bxd7+ Qxd7 10.O-O cxd4 11.cxd4 Nc6 12.Be3 O-O 13.Rc1 e6 14.Qd2 Rfd8 15.Rfd1 b6
16.Bg5 Rdc8 17.e5 Ne7 18.Bxe7 Qxe7 19.Rc3 Rxc3 20.Qxc3 Bh6 21.d5 exd5 22.Qc6 Rd8
23.Rxd5 Rxd5 24.Qxd5 Kg7 25.g3 Bc1 26.Nd4 Qc5 27.Qe4 Bg5 28.h4 Be7 29.h5 b5
30.Qf4 Qc4 31.e6 fxe6 32.h6+ Kg8 33.Qe5 Bf8 34.Nxb5 Qxa2 35.Nc3 Qb3 36.Ne4 Qd1+
37.Kg2 Qd5 38.Qf4 Bxh6 39.Qb8+ Bf8 40.f3 Qd4 41.Qc8 Qe5 42.Qd8 Qb2+ 43.Kh3 Qb7
44.Qd4 Be7 45.Qe5 Qb6 46.Nd2 Qd6 47.Qc3 Qc5 48.Qb3 Kf7 49.Nc4 a5 50.Qa4 Qg1
51.Ne5+ Kg7 52.Ng4 h5 53.Nh2 Qc5 54.Nf1 Kf7 55.Qd1 Qd5 56.Qe2 a4 57.Ne3 Qe5
58.Qd2 a3 59.Nc4 Qd5 60.Qe2 Qf5+ 61.Kg2 Qb1 62.Ne5+ Kg7 63.Nc4 a2  0-1

[Event "Rilton Cup"]
[Site "Stockholm SWE"]
[Date "2001.12.30"]
[Round "4"]
[White "Gleizerov,E"]
[Black "Ernst,T"]
[Result "1-0"]
[WhiteElo "2575"]
[BlackElo "2436"]

1.d4 Nf6 2.c4 g6 3.Nc3 d5 4.cxd5 Nxd5 5.e4 Nxc3 6.bxc3 Bg7 7.Bb5+ c6 8.Ba4 O-O
9.Ne2 c5 10.O-O Nc6 11.Be3 Na5 12.Rb1 b6 13.Bb5 Be6 14.d5 Bd7 15.Bd3 e5 16.f4 exf4
17.Bxf4 Bg4 18.Qd2 Qe7 19.d6 Qe6 20.Ng3 Nc4 21.Bxc4 Qxc4 22.e5 Be6 23.a3 f6
24.Rfe1 fxe5 25.Bxe5 Bxe5 26.Rxe5 Rad8 27.h3 Kh8 28.Rbe1 Bg8 29.Re7 Qh4 30.Ne4 Rf7
31.Ng5 Rf5 32.Re8 Rxd6 33.Nf7+ Rxf7 34.Qxd6 Qf2+ 35.Kh1 Qf4 36.Qxf4 Rxf4
37.R1e7 Ra4 38.Ra8 Rxa3 39.Ree8 Kg7 40.Rxg8+ Kf6 41.Rgb8 Rxc3 42.Rxa7  1-0

[Event "Christmas Open"]
[Site "Zurich SUI"]
[Date "2001.12.30"]
[Round "7"]
[White "Lipecki,A"]
[Black "Hugentobler,P"]
[Result "0-1"]
[WhiteElo "2070"]
[BlackElo "2225"]

1.d4 Nf6 2.c4 g6 3.Nc3 d5 4.cxd5 Nxd5 5.e4 Nxc3 6.bxc3 Bg7 7.Nf3 c5 8.Be2 Nc6
9.Be3 Bg4 10.d5 Bxc3+ 11.Kf1 Bxf3 12.gxf3 Bxa1 13.Qxa1 Nd4 14.Bb5+ Kf8 15.Bxd4 cxd4
16.Qxd4 f6 17.Qd2 Kg7 18.h4 Rc8 19.h5 Rc5 20.h6+ Kf7 21.Ba4 Qd6 22.Rh3 Qa6+  0-1

[Event "Tch-NED"]
[Site "NED"]
[Date "2001.??.??"]
[Round "5"]
[White "Piket,Je"]
[Black "Van Wely,L"]
[Result "0-1"]
[WhiteElo "2632"]
[BlackElo "2700"]

1.d4 Nf6 2.c4 g6 3.Nc3 d5 4.cxd5 Nxd5 5.e4 Nxc3 6.bxc3 Bg7 7.Be3 c5 8.Nf3 Qa5
9.Qd2 Nc6 10.Rc1 cxd4 11.cxd4 Qxd2+ 12.Kxd2 O-O 13.d5 Rd8 14.Ke1 Na5 15.Bg5 Bd7
16.Bd3 Rdc8 17.Ke2 e6 18.Be3 exd5 19.exd5 b6 20.Ba6 Rd8 21.Rhd1 Ba4 22.Rd3 b5
23.Bf4 Nc4 24.Bb7 Bb2 25.Bxa8 Bxc1 26.Bxc1 Rxa8 27.d6 f6 28.Bf4 Re8+ 29.Kf1 b4
30.h4 Kf7 31.Rd5 Rc8 32.Nd4 Bd7 33.Ke2 a5 34.Nb3 a4 35.Nc5 Nb6  0-1

[Event "Rilton Cup"]
[Site "Stockholm SWE"]
[Date "2002.01.02"]
[Round "6"]
[White "Gleizerov,E"]
[Black "Lalic,B"]
[Result "0-1"]
[WhiteElo "2575"]
[BlackElo "2522"]

1.d4 Nf6 2.c4 g6 3.Nc3 d5 4.cxd5 Nxd5 5.e4 Nxc3 6.bxc3 Bg7 7.Bb5+ c6 8.Ba4 O-O
9.Ne2 c5 10.O-O Nc6 11.Be3 Na5 12.Rb1 b6 13.Bb5 cxd4 14.cxd4 e6 15.Bd2 Bb7
16.Bb4 Bxe4 17.Bxf8 Qxf8 18.Rc1 Qd6 19.Ba6 Bh6 20.Rc3 Rd8 21.Bd3 Bb7 22.Qa4 Bd2
23.Rc2 Bh6 24.Rc3 Bd2 25.Rc2 Bh6 26.Rd1 Qd5 27.f3 Be3+ 28.Kf1 Qh5 29.h3 Bxf3
30.Qb4 Bxe2+ 31.Rxe2 Rxd4 32.Qe7 Rxd3  0-1

[Event "109th ch-NZL"]
[Site "Christchurch NZL"]
[Date "2002.01.08"]
[Round "10"]
[White "Sutherland,J"]
[Black "Wastney,S"]
[Result "1/2-1/2"]
[WhiteElo "2054"]
[BlackElo "2281"]

1.d4 Nf6 2.c4 g6 3.Nc3 d5 4.cxd5 Nxd5 5.e4 Nxc3 6.bxc3 Bg7 7.Be3 c5 8.Qd2 Qa5
9.Nf3 Nc6 10.Bd3 O-O 11.Rc1 cxd4 12.cxd4 Qxd2+ 13.Kxd2 f5 14.d5 fxe4 15.Bxe4 Rd8
16.Ke2 Nb4 17.Rc7 Bf5 18.Bxf5 gxf5 19.Rxb7 Nxd5 20.Ng5 Bf6 21.Ne6 Rd6 22.Nf4 Nxf4+
23.Bxf4 Ra6 24.Rd1 Rxa2+ 25.Kf3 a5 26.Rd5 a4 27.Rxf5 Rb2 28.Rxb2 Bxb2 29.Be5 Bxe5
30.Rxe5 a3 31.Re1 Kf7 32.Ra1 a2 33.Ke4 Ke6 34.Kd4 Kf5 35.Kc3 Rg8 36.Rxa2 Rxg2
37.Ra5+ e5 38.Ra7 Rxh2 39.Rf7+ Ke6 40.Rf8 Rh6 41.Kd3 Rf6 42.Rxf6+  1/2-1/2

[Event "TCh-CZE 2001-2"]
[Site "CZE"]
[Date "2002.01.13"]
[Round "7"]
[White "Sobek,J"]
[Black "Pribyl,M"]
[Result "1-0"]
[WhiteElo "2266"]
[BlackElo "2326"]

1.d4 Nf6 2.c4 g6 3.Nc3 d5 4.cxd5 Nxd5 5.e4 Nxc3 6.bxc3 Bg7 7.Bc4 O-O 8.Ne2 b6
9.h4 Nc6 10.h5 Na5 11.Bd3 e5 12.d5 c6 13.c4 b5 14.cxb5 cxd5 15.hxg6 fxg6
16.O-O Bg4 17.Bd2 Nc4 18.Bb4 Qg5 19.Bxc4 dxc4 20.Qd5+ Kh8 21.Bxf8 Rxf8 22.Qxc4 h5
23.Qc1 Qf6 24.Qe3 h4 25.Rac1 h3 26.f3 Bd7 27.a4 Qh4 28.g3 Qh5 29.Rc3 Bh6
30.Qf2 Be6 31.Kh2 Bd2 32.Rd3 Ba5 33.Qxa7 Bc4 34.Qc5 Bxd3 35.Qxf8+ Kh7 36.Qf7+ Kh6
37.Qf8+ Kh7 38.Rd1  1-0

[Event "18th Open"]
[Site "Skopje MKD"]
[Date "2002.01.16"]
[Round "2"]
[White "Kosyrev,V"]
[Black "Nedev,T"]
[Result "1/2-1/2"]
[WhiteElo "2565"]
[BlackElo "2487"]

1.d4 Nf6 2.c4 g6 3.Nc3 d5 4.cxd5 Nxd5 5.e4 Nxc3 6.bxc3 Bg7 7.Bb5+ c6 8.Ba4 O-O
9.Ne2 c5 10.O-O Nc6 11.Be3 Na5 12.Rb1 b6 13.Qd3 e6 14.Rfd1 Bb7 15.f3 cxd4
16.cxd4 Rc8 17.Bb5 Qe7 18.Bd2 Rfd8 19.Bb4 Qg5 20.Bd2 Qe7 21.Bb4 Qg5 22.Bd2  1/2-1/2

[Event "39th BPCL ch-IND"]
[Site "Nagpur IND"]
[Date "2002.01.18"]
[Round "3"]
[White "Murali Krishnan,B"]
[Black "Konguvel,P"]
[Result "1/2-1/2"]
[WhiteElo "2331"]
[BlackElo "2404"]

1.d4 Nf6 2.c4 g6 3.Nc3 d5 4.cxd5 Nxd5 5.e4 Nxc3 6.bxc3 Bg7 7.Be3 c5 8.Qd2 Qa5
9.Rc1 cxd4 10.cxd4 Qxd2+ 11.Kxd2 O-O 12.Nf3 Nc6 13.Bb5 Rd8 14.Bxc6 bxc6 15.Rhd1 Rb8
16.Ke1 Rb2 17.Ne5 Bxe5 18.dxe5 Rxd1+ 19.Rxd1 Kg7  1/2-1/2

[Event "90th LSK Metalka Trgovina"]
[Site "Ljubljana SLO"]
[Date "2002.01.20"]
[Round "2"]
[White "Kharlov,A"]
[Black "Jelen,Ig"]
[Result "1-0"]
[WhiteElo "2638"]
[BlackElo "2374"]

1.d4 Nf6 2.c4 g6 3.Nc3 d5 4.cxd5 Nxd5 5.e4 Nxc3 6.bxc3 Bg7 7.Bc4 c5 8.Ne2 Nc6
9.Be3 O-O 10.O-O Bg4 11.f3 cxd4 12.cxd4 Na5 13.Bd3 Be6 14.d5 Bxa1 15.Qxa1 Bd7
16.Bh6 f6 17.Bxf8 Kxf8 18.Qd4 b5 19.f4 Qb6 20.Rc1 Ke8 21.Qxb6 axb6 22.e5 Kd8
23.e6 Be8 24.Rb1 Nc4 25.Bxc4 bxc4 26.Rxb6 Kc7 27.Rb4 Kd6 28.Nc3 Kc5 29.Rb7 Kd4
30.Rxe7 Kxc3 31.d6 Ba4 32.Rc7 Ra6 33.d7 Bxd7 34.exd7 Rd6 35.Kf2 h5 36.g3 Kb4
37.Ke3 Rd3+ 38.Ke4 Kc3 39.h4 Rd4+ 40.Ke3 Rd3+ 41.Ke2 Kb4 42.f5 gxf5 43.a4 Rd4
44.Ke3 Re4+ 45.Kf3 Rd4 46.a5 Kb5 47.a6 Kxa6 48.Rxc4 Rxd7 49.Rc6+ Kb7 50.Rxf6 Rh7
51.Kf4 Kc7 52.Kxf5 Kd7 53.Kg6 Rh8 54.Kg7 Ra8 55.Rf5 Ra3 56.Rg5 Ke6 57.Kg6 Rb3
58.Kxh5 Kf6 59.Kg4 Ra3 60.Rf5+ Kg6 61.h5+ Kh6 62.Rf6+ Kg7 63.Rb6 Rc3 64.Kh4 Ra3
65.g4 Ra1 66.Rb7+ Kf6 67.g5+ Kf5 68.Rf7+ Ke6 69.g6 Rg1 70.Rf3  1-0

[Event "Kaissa Open"]
[Site "Kharkov UKR"]
[Date "2002.01.22"]
[Round "1"]
[White "Gavrish,L"]
[Black "Demkovich,A"]
[Result "1/2-1/2"]
[WhiteElo "2030"]
[BlackElo "2402"]

1.d4 Nf6 2.c4 g6 3.Nc3 d5 4.cxd5 Nxd5 5.e4 Nxc3 6.bxc3 Bg7 7.Nf3 O-O 8.Be3 c5
9.Rc1 Qa5 10.Qd2 cxd4 11.cxd4 Qxd2+ 12.Bxd2 e6 13.Bc4 Nc6 14.d5 exd5 15.Bxd5 Be6
16.O-O Rfd8 17.Bg5 Rd7 18.Rfd1 h6 19.Bxe6 Rxd1+ 20.Rxd1 fxe6 21.Be3 b6 22.Kf1 Rd8
23.Rc1 Rc8 24.Nd4 Bxd4 25.Bxd4 Kf7 26.Be3 h5 27.f4 e5 28.Kf2 exf4 29.Bxf4 b5
30.g4 hxg4 31.Kg3 a6 32.Kxg4 Ne5+ 33.Kg5 Nc4 34.e5 Rc5 35.Kh6 Rc6 36.Rd1 Ke7
37.h4 b4 38.Bg5+ Ke6 39.Kxg6 Nxe5+ 40.Kg7 Rc7+ 41.Kg8 Rc2 42.Rd2 Rc4 43.Rf2 Rc8+
44.Rf8 Rxf8+ 45.Kxf8 a5 46.Kg7 Kf5 47.Bf6 Nd3 48.Bd8 a4 49.h5 b3 50.axb3 axb3
51.h6 b2 52.h7 b1=Q 53.h8=Q Qg1+ 54.Kf8  1/2-1/2

[Event "Corus B"]
[Site "Wijk aan Zee NED"]
[Date "2002.01.22"]
[Round "7"]
[White "Peng Zhaoqin"]
[Black "Nijboer,F"]
[Result "1-0"]
[WhiteElo "2460"]
[BlackElo "2574"]

1.d4 Nf6 2.c4 g6 3.Nc3 d5 4.cxd5 Nxd5 5.e4 Nxc3 6.bxc3 Bg7 7.Bc4 c5 8.Ne2 O-O
9.O-O Nc6 10.Be3 Bd7 11.Rc1 Rc8 12.Qd2 cxd4 13.cxd4 Qa5 14.Rc3 e5 15.dxe5 Bxe5
16.Qxd7 Bxc3 17.Bxf7+ Kh8 18.Nxc3 Qxc3 19.Bd5 Ne5 20.Qa4 Nc4 21.Rc1 Qb2 22.Qb3 Kg7
23.Bxc4 Qxb3 24.axb3 Rfd8 25.Ra1 Kf6 26.h4 Ke5 27.Rxa7  1-0

[Event "Corus"]
[Site "Wijk aan Zee NED"]
[Date "2002.01.24"]
[Round "10"]
[White "Gurevich,M"]
[Black "Kasimdzhanov,R"]
[Result "1-0"]
[WhiteElo "2641"]
[BlackElo "2695"]

1.d4 Nf6 2.c4 g6 3.Nc3 d5 4.cxd5 Nxd5 5.e4 Nxc3 6.bxc3 Bg7 7.Ba3 Nd7 8.Nf3 c5
9.Qb3 O-O 10.Bd3 cxd4 11.cxd4 Nb6 12.Rd1 Bd7 13.Qb4 e6 14.O-O Bc6 15.Qd2 Re8
16.Qf4 Rc8 17.Bd6 Nd7 18.h4 h6 19.d5 e5 20.Qe3 Ba4 21.Rb1 Nf6 22.Qxa7 Qxd6
23.Qxa4 Nd7 24.Bb5 Nc5 25.Qb4 Red8 26.Rfe1 Qf6 27.Qa3 Bf8 28.Qe3 Kg7 29.g3 Ra8
30.Re2 Ra7 31.Kg2 Rda8 32.Bc4 Ra3 33.Bb3 R8a4 34.Nd2 Rd4 35.Qf3 Qd8 36.Rb2 Bd6
37.Rc2 b5 38.Re3 h5 39.Qe2 Qa5 40.Nb1 Nxb3 41.Nxa3  1-0

[Event "Corus B"]
[Site "Wijk aan Zee NED"]
[Date "2002.01.25"]
[Round "9"]
[White "Sokolov,I"]
[Black "Nijboer,F"]
[Result "1/2-1/2"]
[WhiteElo "2659"]
[BlackElo "2574"]

1.d4 Nf6 2.c4 g6 3.Nc3 d5 4.cxd5 Nxd5 5.e4 Nxc3 6.bxc3 Bg7 7.Ba3 O-O 8.Nf3 b6
9.Bc4 Bb7 10.O-O c5 11.Qe2 Qc7 12.Rac1 e6 13.dxc5 Rd8 14.cxb6 axb6 15.Bb4 Na6
16.Rfe1 Nc5 17.e5 Bxf3 18.Qxf3 Bxe5 19.g3 Bg7 20.a3 Rac8 21.Red1 h5 22.h4 Qe5
23.Qe2 Qxe2 24.Bxe2 Ne4 25.Rxd8+ Rxd8 26.Bf3 Nd2 27.Be2 Rc8 28.Ba6 Rd8 29.Kg2 Ne4
30.Rc2 Bf8 31.Bb7 Nc5 32.Bf3 f5 33.Re2 Kf7 34.Bc6 Nd3 35.Bb5 Nxb4 36.cxb4 Kf6
37.Rc2 e5 38.Rc6+ Rd6 39.Rxd6+ Bxd6 40.Be8 e4  1/2-1/2

[Event "CMA Futurity"]
[Site "Montreal CAN"]
[Date "2002.01.29"]
[Round "6"]
[White "Roussel Roozmon,T"]
[Black "Gravel,S"]
[Result "1-0"]
[WhiteElo "2140"]
[BlackElo "2261"]

1.d4 Nf6 2.c4 g6 3.Nc3 d5 4.cxd5 Nxd5 5.e4 Nxc3 6.bxc3 Bg7 7.Nf3 c5 8.Be3 Qa5
9.Qd2 O-O 10.Rc1 cxd4 11.cxd4 Qxd2+ 12.Kxd2 Nc6 13.d5 Rd8 14.Ke1 Na5 15.Bg5 Kf8
16.Bd3 f5 17.Ke2 fxe4 18.Bxe4 Bd7 19.Rc5 b6 20.d6 exd6 21.Bxd8 Rxd8 22.Rc7 d5
23.Bd3 Nc4 24.Rb1 Nb2 25.Bc2 Bb5+ 26.Kd2 Nc4+ 27.Kd1 a6 28.Ng5 Re8 29.a4 Bc3
30.Nf3 g5 31.h3 h5 32.axb5 g4 33.Rb3 gxf3 34.Rxc3 Ne3+ 35.Rxe3 Rxe3 36.gxf3  1-0

[Event "FSIM February"]
[Site "Budapest HUN"]
[Date "2002.02.03"]
[Round "2"]
[White "Kostic,F"]
[Black "Boros,De"]
[Result "0-1"]
[WhiteElo "2280"]
[BlackElo "2240"]

1.c4 Nf6 2.Nc3 d5 3.d4 g6 4.cxd5 Nxd5 5.e4 Nxc3 6.bxc3 Bg7 7.Be3 c5 8.Rc1 cxd4
9.cxd4 Qa5+ 10.Qd2 Qxd2+ 11.Kxd2 O-O 12.Bb5 Rd8 13.Ke2 Nc6 14.d5 Nd4+ 15.Bxd4 Bxd4
16.Nf3 Bb6 17.Ne5 e6 18.Bc4 Bd4 19.Nf3 Bb6 20.Rhd1 exd5 21.Bxd5 Kg7 22.Ne5 Kf6
23.f4 Be6 24.Bxb7 Rxd1 25.Rxd1 Rb8 26.Bd5 Bc7 27.Bxe6 Rb2+ 28.Kf3 fxe6 29.Nc4 Rc2
30.Ne3 Rc3 31.Rd7 g5 32.fxg5+ Kxg5 33.Ke2 Bxh2 34.Rxh7 Bf4 35.Rh3 Ra3 36.Nc4 Rxa2+
37.Kf3 Rc2 38.Na5 Bc7 39.Nb7 Rc3+ 40.Ke2 Rxh3 41.gxh3 Kh4 42.Kd3 Kxh3 43.e5 Kg4
44.Ke4 Bb6 45.Nd6 Kg5 46.Nc4 Bc7 47.Nb2 a5 48.Na4 Kg6 49.Nc5 Kf7 50.Na6 Bb6
51.Kd3 Kg6 52.Kc4 Kf5 53.Kb5 Bd8 54.Nb8 Ke4 55.Ka4 Bb6 56.Kb5 Bc7 57.Nc6 Kd5
58.Na7 Kxe5 59.Kc6 Bd8 60.Kd7 Bb6 61.Nc6+ Kf6 62.Kd6 a4 63.Nb4 a3 64.Kc6 Bd4
65.Na2 Kf5 66.Kb5 Ke4 67.Kc4 Bb2 68.Nb4 e5 69.Kb3 Kf3 70.Nc2 e4  0-1